00248nam a2200097Ia 4500008004100000100001400041245003800055260004100093300000800134650000800142191201s2010 xx 000 0 und d aBALAJI, B 0aServices Marketing and Management c2010bS Chand and Co. Ltd.aN. Delhi a436 aMBA